00602nam a22001937a 4500003000900000008004100009040007100050082001800121100002200139245004900161260003800210300002400248440002800272650001200300650002400312650001300336710002400349710003500373AR-CdUCM190311b ||||| |||| 00| 0 spa d aMUNICIPALIDAD PROVINCIAL DEL CUSCOcBIBLIOTECA MUNICIPAL DEL CUSCO a869.44 /bB35 aBedregal, Yolanda aDel mar y la ceniza, alegatos, antología / aLa Paz :bBurillo & Cía,c1957. a151 hojas ;c32 cm. aCuaderno de Poesían4 aBolivia aPoesía de Bolivia aSiglo XX aBiblioteca Paceña aAlcaldía Municipal de La Paz